000 00547nam a2200229Ia 4500
003 OSt
005 20220924153217.0
006 a|||||r|||| 00| 0
007 ta
008 220923b |||||||| |||| 00| 0 guj d
024 _a347264
037 _cTextual
040 _aARTS
_cARTS
_bguj
041 _2guj
_aguj
082 _aR42, 156K0
100 _aPeialikar I
_9228310
245 0 _aJiwan sangam
260 _c1960
650 _aPHILOSOPHY
942 _hR42, 156K0
_cTEXL
_2CC
999 _c472748
_d472748